000 01059cam a22002652 4500
001 0000020465
005 20151217161200.0
008 110919s xx 000 0 eng d
020 _a0853696357 :
040 _aKABU
_cKABU
245 1 0 _aBNF = British National Formulary /
_cBritish Medical Association, Royal Pharmaceutical Society of Great Britain.
260 _aLondon :
_bBMJ.
300 _av.
650 0 _aMedicine
_vPeriodicals
_xFormulae, receipts, prescriptions.
_@0000180739
650 0 _aDrugs
_vPeriodicals
_zGreat Britain.
_@0000180740
650 0 _aPharmacology.
_@0000155850
710 2 _aBritish Medical Association.
_@0000180741
710 2 _aRoyal Pharmaceutical Society of Great Britain.
_@0000180742
852 1 _9p3400 KES
852 1 _9p3400 KES
852 1 _9p3400 KES
852 1 _9p3750 KES
908 _a110919
950 _@1
999 _c15247
_d15247